Internaltional conference on the structural design of asphalt pavement/ (Record no. 547824)

000 -LEADER
fixed length control field 00512nam a22001457a 4500
082 ## - DEWEY DECIMAL CLASSIFICATION NUMBER
Classification number 625.85
Author Mark INT
100 ## - MAIN ENTRY--PERSONAL NAME
Personal name University of Michigan
9 (RLIN) 43959
245 ## - TITLE STATEMENT
Title Internaltional conference on the structural design of asphalt pavement/
Statement of responsibility, etc. University of Michigan
260 ## - PUBLICATION, DISTRIBUTION, ETC.
Place of publication, distribution, etc. USA:
Name of publisher, distributor, etc. Department of civil engineering university of Michign,
Date of publication, distribution, etc. 1962.
300 ## - PHYSICAL DESCRIPTION
Extent 785p.:
Other physical details ill,;
Dimensions 20 cm.
526 ## - STUDY PROGRAM INFORMATION NOTE
Program name 0
Interest level 0
Reading level 0
Title point value 625_850000000000000_INT
526 ## - STUDY PROGRAM INFORMATION NOTE
Program name 0
Interest level 0
Reading level 0
Title point value 625_850000000000000_INT
650 ## - SUBJECT ADDED ENTRY--TOPICAL TERM
Topical term or geographic name entry element MCE
9 (RLIN) 379
942 ## - ADDED ENTRY ELEMENTS (KOHA)
Source of classification or shelving scheme
Koha item type Book
Holdings
Withdrawn status Lost status Source of classification or shelving scheme Damaged status Not for loan Permanent Location Current Location Date acquired Total Checkouts Full call number Barcode Date last seen Price effective from Koha item type Public note
          Military College of Engineering (MCE) Military College of Engineering (MCE) 08/07/2014   625.85 INT MCE-43031 08/07/2014 03/14/2021 Book Supplement
          Military College of Engineering (MCE) Military College of Engineering (MCE) 08/07/2014   625.85 INT MCE-43032 08/07/2014 08/07/2014 Book  
© 2023 Central Library, National University of Sciences and Technology. All Rights Reserved.